00515cam a22002171 4500001001300000003000400013005001700017008004100034010001700075025002000092035002000112040002100132042001200153050002100165100002500186245002300211260001100234300001900245500001600264999001700280sa 68009244 DLC20260227112541.0940913s1968 ii 000 0 pano  asa 68009244  aPL480:I-Pu-1259 a(OCoLC)31094809 aDLCcCUdCUdDLC apremarc00aPK2659.S587bN341 aSingh, Sujan,d1909-10aNawāṃ raṅga. c[1968] a144 p.c19 cm. aIn Panjabi. c82820d82820